00585nam a22001817a 450000500170000001000150001702000270003203500140005903700130007308200080008610000160009424501010011026000570021127000460026830000240031450000500033870000150038820170811103613.0 aENG-119666 a9789382633310c2200.00 aEN-103198 bDBAD/PUB a378 aGoel, Aruna aOrganisations, administration and functions of higher education /cby Aruna Goel [and] S.L. Goel aNew DelhibDeep and Deep Publications Pvt.Ltd.c2010 aF-159, Rajouri Garden,bNew Delhie110027 aIiv,522p.c25cm(Hb) aIncludes bibliographical references and index dGoel, S.L.